000 02025cpcaa2200373 a 4500
001 mm2007085385
003 DLC
005 20260227111731.0
008 070927|||||||||||| eng
010 _amm2007085385
040 _aDLC
_edacs
_cDLC
_dDLC
072 7 _aW
_2lcmd
245 0 0 _aAlfred H. Johnson and James A. Johnson papers,
_f1786-1954
_g(bulk 1861-1864).
300 _a100
_fitems.
300 _a1
_fcontainer.
300 _a0.2
_flinear feet.
506 _aOpen to research.
520 8 _aChiefly correspondence of Alfred H. Johnson and James A. Johnson, Confederate army soldiers, and other family members during the Civil War. Includes an 1862 diary and enrollment papers of Joseph Quincy Stearns, a Union soldier from New Jersey. Also includes an 1861 contract for the sale of slaves in Texas, a copy of the 1786 will of General John Philip De Haas, an 1864 clipping from an English language Mexican newspaper with war news from the United States, and miscellaneous writings.
545 0 _aJohnson family members including Alfred H. Johnson and James A. Johnson, Confederate soldiers; and Joseph Quincy Stearns, Union soldier.
546 _aCollection material in English.
600 1 0 _aDe Haas, John Philip,
_dapproximately 1735-1786
_xWill.
600 1 0 _aStearns, Joseph Quincy,
_d1786-1865.
600 3 0 _aJohnson family.
650 0 _aSlave-trade
_zUnited States.
650 0 _aSlavery
_zTexas.
651 0 _aConfederate States of America
_xHistory.
651 0 _aNew Jersey
_xHistory
_yCivil War, 1861-1865.
651 0 _aUnited States
_xHistory
_yCivil War, 1861-1865.
656 7 _aSoldiers.
_2itoamc
700 1 _aJohnson, Alfred H.,
_dactive 1861-1864.
_tAlfred H. Johnson and James A. Johnson papers.
_f1786-1954.
700 1 _aJohnson, James A.,
_dactive 1861-1864.
_tAlfred H. Johnson and James A. Johnson papers.
_f1786-1954.
999 _c44771
_d44771